|
|
|
|
| LEADER |
02648nam a22004695i 4500 |
| 001 |
978-1-4614-1924-2 |
| 003 |
DE-He213 |
| 005 |
20151204190538.0 |
| 007 |
cr nn 008mamaa |
| 008 |
111031s2011 xxu| s |||| 0|eng d |
| 020 |
|
|
|a 9781461419242
|9 978-1-4614-1924-2
|
| 024 |
7 |
|
|a 10.1007/978-1-4614-1924-2
|2 doi
|
| 040 |
|
|
|d GrThAP
|
| 050 |
|
4 |
|a QA75.5-76.95
|
| 072 |
|
7 |
|a UT
|2 bicssc
|
| 072 |
|
7 |
|a COM069000
|2 bisacsh
|
| 072 |
|
7 |
|a COM032000
|2 bisacsh
|
| 082 |
0 |
4 |
|a 005.7
|2 23
|
| 100 |
1 |
|
|a Mikkilineni, Rao.
|e author.
|
| 245 |
1 |
0 |
|a Designing a New Class of Distributed Systems
|h [electronic resource] /
|c by Rao Mikkilineni.
|
| 264 |
|
1 |
|a New York, NY :
|b Springer New York,
|c 2011.
|
| 300 |
|
|
|a XII, 65 p. 30 illus.
|b online resource.
|
| 336 |
|
|
|a text
|b txt
|2 rdacontent
|
| 337 |
|
|
|a computer
|b c
|2 rdamedia
|
| 338 |
|
|
|a online resource
|b cr
|2 rdacarrier
|
| 347 |
|
|
|a text file
|b PDF
|2 rda
|
| 490 |
1 |
|
|a SpringerBriefs in Electrical and Computer Engineering
|
| 505 |
0 |
|
|a An introduction to the design of a new class of distributed systems -- Understanding distributed systems and their management -- Distributed Intelligent Managed Element (DIME) network architecture implementing a non-von Neumann computing model -- Designing distributed services creation, service delivery and service assurance with the architectural resilience of cellular organisms -- DIME network architecture - Future research directions and Conclusion.
|
| 520 |
|
|
|a Designing a New Class of Distributed Systems closely examines the Distributed Intelligent Managed Element (DIME) Computing Model, a new model for distributed systems, and provides a guide to implementing Distributed Managed Workflows with High Reliability, Availability, Performance and Security. The book also explores the viability of self-optimizing, self-monitoring autonomous DIME-based computing systems. Designing a New Class of Distributed Systems is designed for practitioners as a reference guide for innovative distributed systems design. Researchers working in a related field will also find this book valuable.
|
| 650 |
|
0 |
|a Computer science.
|
| 650 |
|
0 |
|a Computers.
|
| 650 |
|
0 |
|a Electronic circuits.
|
| 650 |
1 |
4 |
|a Computer Science.
|
| 650 |
2 |
4 |
|a Information Systems and Communication Service.
|
| 650 |
2 |
4 |
|a Circuits and Systems.
|
| 710 |
2 |
|
|a SpringerLink (Online service)
|
| 773 |
0 |
|
|t Springer eBooks
|
| 776 |
0 |
8 |
|i Printed edition:
|z 9781461419235
|
| 830 |
|
0 |
|a SpringerBriefs in Electrical and Computer Engineering
|
| 856 |
4 |
0 |
|u http://dx.doi.org/10.1007/978-1-4614-1924-2
|z Full Text via HEAL-Link
|
| 912 |
|
|
|a ZDB-2-ENG
|
| 950 |
|
|
|a Engineering (Springer-11647)
|